| 000 | 00416nam a2200181Ia 4500 | ||
|---|---|---|---|
| 008 | 221030s9999 xx 000 0 und d | ||
| 020 | _a8126512679 | ||
| 041 | _aEnglish | ||
| 082 | _a105.23 | ||
| 100 | _aB. R. Munson | ||
| 245 | 0 | _aFundamentals of Fluid Mechanics | |
| 250 | _a5th | ||
| 260 |
_bWilley Pub. _aNew Delhi _c2007 |
||
| 300 | _a790 | ||
| 650 | _aMechanical | ||
| 700 | _aD. F. Young | ||
| 942 | _cBK | ||
| 999 |
_c5865 _d5865 |
||